Handbook of hel photoelectron spectra of fundamental organic molecules : lonization energies, Ab Initio assignments and valence electronic structure for 200 molecules
সংরক্ষণ করুন:
| বিন্যাস: | গ্রন্থ |
|---|---|
| ভাষা: | Undetermined |
| প্রকাশিত: |
Tokyo
Japan scientific societies press
1981
|
| বিষয়গুলি: | |
| ট্যাগগুলো: |
ট্যাগ যুক্ত করুন
কোনো ট্যাগ নেই, প্রথমজন হিসাবে ট্যাগ করুন!
|
| Thư viện lưu trữ: | Trung tâm Học liệu Trường Đại học Cần Thơ |
|---|
| LEADER | 00619nam a2200181Ia 4500 | ||
|---|---|---|---|
| 001 | CTU_127266 | ||
| 008 | 210402s9999 xx 000 0 und d | ||
| 082 | |a 547 | ||
| 082 | |b H236 | ||
| 245 | 0 | |a Handbook of hel photoelectron spectra of fundamental organic molecules : | |
| 245 | 0 | |b lonization energies, Ab Initio assignments and valence electronic structure for 200 molecules | |
| 245 | 0 | |c By K. Kimura ... [et al.] | |
| 260 | |a Tokyo | ||
| 260 | |b Japan scientific societies press | ||
| 260 | |c 1981 | ||
| 650 | |a Chemistry, organic | ||
| 904 | |i Hiếu | ||
| 980 | |a Trung tâm Học liệu Trường Đại học Cần Thơ | ||